Instrumentos Musicales - Estadísticas

Estadísticas generales
  • Esta prueba ha sido intentada 380 veces
  • La puntuación promedio es 25 de 35
Estadísticas de respuestas
Imagen Respuesta % Correcto
Guitarra Acústica
100%
Batería
97%
Saxofón Alto
95%
Flauta Dulce
94%
Trompeta Piccolo
94%
Maracas
93%
Piano de Cola
93%
Violín
93%
Acordeón Vallenato
91%
Arpa Celta
90%
Pandereta
89%
Teclado Eléctrico
89%
Bajo Eléctrico
88%
Platillo
85%
Clarinete
83%
Órgano
83%
Violoncello
83%
Armónica Diatónica
81%
Tuba
80%
Xilófono
76%
Banjo Tenor
74%
Trombón Bajo de Varas
74%
Ukelele Hawaiano
73%
Contrabajo
67%
Bongó
65%
Gong
64%
Cajón Peruano
59%
Zampoña Siku
54%
Timbal
49%
Laúd Árabe
48%
Caja
43%
Ocarina Transversal
37%
Melódica Tenor
22%
Conga
21%
Theremín
19%
No se encontraron pruebas coincidentes
Distribución de puntuación
Porcentaje de gente con cada puntuación
Porcentaje por número respondido
Historial de tus puntuaciones
No has intentado esta prueba.